000
00297nam a22001337a 4500
008
181016b xxu||||| |||| 00| 0 eng d
020
_a
9780898622836
041
_a
eng
080
_a
159.9
100
_a
48
101
_a
PSI
245
_a
The Psychology of Gender
_c
Beall ,A.E
942
_2
udc
_c
BK
999
_c
49891
_d
49891